<?xml version="1.0" encoding="UTF-8"?>
<collection xmlns="http://www.loc.gov/MARC21/slim">
 <record>
  <leader>01285nam a2200361   4500</leader>
  <controlfield tag="001">DLU080063863</controlfield>
  <controlfield tag="005">##20081117</controlfield>
  <datafield tag="022" ind1="#" ind2="#">
   <subfield code="a">1479-0726</subfield>
  </datafield>
  <datafield tag="037" ind1="#" ind2="#">
   <subfield code="b">Routledge, Taylor and Francis, 4 Park Square, Milton Park, Abingdon, OX 14,  UK</subfield>
  </datafield>
  <datafield tag="040" ind1="#" ind2="#">
   <subfield code="a">DLC</subfield>
   <subfield code="c">DLU</subfield>
   <subfield code="d">DLU</subfield>
  </datafield>
  <datafield tag="041" ind1="#" ind2="#">
   <subfield code="a">eng</subfield>
  </datafield>
  <datafield tag="130" ind1="#" ind2="#">
   <subfield code="a">New writing</subfield>
  </datafield>
  <datafield tag="222" ind1="#" ind2="#">
   <subfield code="a">New writing</subfield>
  </datafield>
  <datafield tag="245" ind1="#" ind2="#">
   <subfield code="a">New writing</subfield>
  </datafield>
  <datafield tag="246" ind1="#" ind2="#">
   <subfield code="a">International journal for the practice and theory of creative writing</subfield>
  </datafield>
  <datafield tag="260" ind1="#" ind2="#">
   <subfield code="a">[Cleveland,  England] :</subfield>
   <subfield code="b">Mulitlingual Matters &amp; Channel View Publications,</subfield>
   <subfield code="c">2004-</subfield>
  </datafield>
  <datafield tag="310" ind1="#" ind2="#">
   <subfield code="a">Three issues per year</subfield>
  </datafield>
  <datafield tag="500" ind1="#" ind2="#">
   <subfield code="a">Published:  Oxford, England :  Taylor and Francis, 2008-</subfield>
  </datafield>
  <datafield tag="500" ind1="#" ind2="#">
   <subfield code="a">Title from publisher's website (viewed Apr. 28, 2005).</subfield>
  </datafield>
  <datafield tag="650" ind1="#" ind2="#">
   <subfield code="a">Creation (Literary, artistic, etc.) in literature</subfield>
   <subfield code="v">Periodicals.</subfield>
  </datafield>
  <datafield tag="650" ind1="#" ind2="#">
   <subfield code="a">Creative writing (Higher education)</subfield>
   <subfield code="x">Study and teaching</subfield>
   <subfield code="v">Periodicals.</subfield>
  </datafield>
  <datafield tag="710" ind1="#" ind2="#">
   <subfield code="a">Multilingual Matters Ltd.</subfield>
  </datafield>
  <datafield tag="710" ind1="#" ind2="#">
   <subfield code="a">Taylor and Francis, Ltd.</subfield>
  </datafield>
  <datafield tag="776" ind1="#" ind2="#">
   <subfield code="t">New writing (Clevedon, England)</subfield>
   <subfield code="x">1479-0726</subfield>
  </datafield>
  <datafield tag="856" ind1="#" ind2="#">
   <subfield code="u">http://www.multilingual-matters.net/nw/default.htm</subfield>
  </datafield>
  <datafield tag="994" ind1="#" ind2="#">
   <subfield code="a">DLU</subfield>
  </datafield>
  <datafield tag="900" ind1="#" ind2="#">
   <subfield code="a">True</subfield>
  </datafield>
  <datafield tag="911" ind1="#" ind2="#">
   <subfield code="a">Trương Bảo Trâm Anh</subfield>
  </datafield>
  <datafield tag="925" ind1="#" ind2="#">
   <subfield code="a">G</subfield>
  </datafield>
  <datafield tag="926" ind1="#" ind2="#">
   <subfield code="a">A</subfield>
  </datafield>
  <datafield tag="927" ind1="#" ind2="#">
   <subfield code="a">TT</subfield>
  </datafield>
  <datafield tag="980" ind1="#" ind2="#">
   <subfield code="a">Thư viện Trường Đại học Đà Lạt</subfield>
  </datafield>
 </record>
</collection>
